00637nam a2200169 a 450000100100000000500170001000800410002704000250006808200190009310000290011224500900014126000410023130000210027270000400029395201170033399900170045000004205420201002035917.0131112s2004 xx 000 0 spa d aDO-SdBNPbspacBNPHU axxxxxxbxxxxxx1 aCampbell, Doak S.96904413aEl maestro eficiente /cDoak S. Campbell , traducido al ingles José M. Rodríguez. aBuenos Aires :bCasa Bautista,c199? a160 p. ;c18 cm.1 aRodríguez, José M.,etr.969045 001050718MOaGRbGRcHDd2013-11-12iLF1l0oxxxxxx xxxxxxp42054-10r2020-06-25w2020-06-25y1ZNo se presta c41543d41543